| 000 | 01997nam a2200349 i 4500 | ||
|---|---|---|---|
| 001 | 768714001 | ||
| 003 | CO-MdFUSB | ||
| 005 | 20210519162058.0 | ||
| 007 | ta | ||
| 008 | 210512t2020 -us |||| |||| 00| 0 eng d | ||
| 020 | _a9780830855414 | ||
| 040 |
_aCO-MdFUSB _bspa _cCO-MdFUSB _dCO-MdFUSBC _erda |
||
| 041 | _aeng | ||
| 082 |
_223 _a234.3 _bH288 |
||
| 100 |
_aHarmon, Matthew S. _eautor |
||
| 245 | 1 |
_aRebels and exiles : _ba biblical theology of sin and restoration _c/ Matthew S. Harmon |
|
| 264 | 1 |
_aEstados Unidos : _bInterVarsity Press, _c[2020] |
|
| 264 | 4 | _c© 2020 | |
| 300 |
_a164 páginas _c; 22 cm |
||
| 336 |
_2rdacontent _atexto _btxt |
||
| 337 |
_2rdamedia _asin mediación _bn |
||
| 338 |
_2rdacarrier _avolumen _bnc |
||
| 490 | _aEssential studies in biblical theology. | ||
| 505 | _aIntroducción: El pecado y el exilio en la experiencia contemporánea - La rebelión y el exilio originales de la humanidad - La amenaza del exilio / cuando Israel se rebela - La realidad del exilio cuando Israel se rebeló - El regreso del exilio cuando Israel se arrepiente - El fin del exilio inaugurado mediante la vida y el ministerio de Jesús - Restauración mediante la muerte, resurrección y ascensión de Jesús - La vida como exiliados en un mundo caído - El fin del exilio consumado en una nueva creación - Las implicaciones prácticas del pecado, el exilio y la restauración . | ||
| 520 | _a "Todos compartimos una experiencia de exilio, de anhelo por nuestro verdadero hogar. En este volumen de la ESBT, Matthew S. Harmon explora cómo se desarrolla el tema del pecado y el exilio a lo largo de las Escrituras, trazando un patrón común de rebelión humana, el juicio de Dios y la esperanza de una relación restaurada, comenzando con los primeros humanos y concluyendo con el fin del exilio en una nueva creación "- | ||
| 563 | _aRústico | ||
| 653 | _aExilio | ||
| 653 | _aRedención | ||
| 942 | _cBK | ||
| 945 | _aJTF-925 | ||
| 999 |
_c66734 _d66734 |
||